00393nam a2200157Ia 4500003000400000005001700004008004100021020001800062040000900080082002000089100001400109245005100123260004300174300000900217650000900226OSt20201016124641.0190216s9999||||xx |||||||||||||| ||und|| a9788178796093 coclc a613.7046bGOR/T aGore, C S 0aTreatment Of Diseases Through Yoga /cC S Gore bSports Publication,c2011.aNew Delhi: a269p aYoga